000 00587cam a2200217 4500
001 J97228
008 090401t1999 xxu||||| |||| 00| 0 eng d
035 _a(Sirsi) u91901
041 _aeng
050 _a711.5520212
110 _aIngleby Trice Kennard
_93587
245 _aCity floorspace survey. - January 1999 - December 1999
260 _aLondon
_bIngleby Trice Kennard
_c1999
300 _a1.vol. ; 30cm.
650 _aCITY OF LONDON
650 _aFLOORSPACE STATISTICS
650 _aOFFICES
690 _aPROPERTY-COMMERCIAL PROPERTY
942 _n0
948 _c09/03/1999
999 _c97684
_d97684